[Event "Catalunya-ch Seniors"]
[Site "Malgrat del Mar"]
[Date "2023.05.18"]
[Round "5"]
[White "Garcia Paolicchi, Raul"]
[Black "Fernandez Vicente, Carmelo"]
[Result "1/2-1/2"]
[WhiteElo "2090"]
[BlackElo "2002"]
[PlyCount "35"]
[EventDate "2023.05.14"]
[EventType "swiss"]
[EventRounds "8"]
[EventCountry "ESP"]
[SourceTitle "CBM 214 Extra"]
[Source "ChessBase"]
[SourceDate "2023.07.31"]
[SourceVersion "1"]
[SourceVersionDate "2023.07.31"]
[SourceQuality "1"]

1. d4 Nf6 2. Nf3 g6 3. Bg5 Bg7 4. Nbd2 c5 5. Bxf6 Bxf6 6. Ne4 Qb6 7. Nxf6+ Qxf6 8. c3 cxd4 9. Qxd4 Qxd4 10. Nxd4 Nc6 11. g3 d6 12. Bg2 Bd7 13. 0-0 0-0 14. Rac1 Rac8 15. Rfd1 Nxd4 16. cxd4 Rxc1 17. Rxc1 Rc8 18. Rxc8+ 1/2-1/2

[Event "Catalunya-ch U50"]
[Site "Santa Susanna"]
[Date "2022.05.21"]
[Round "7"]
[White "Alfara Ayllon, Jose Luis"]
[Black "Fernandez Vicente, Carmelo"]
[Result "1/2-1/2"]
[WhiteElo "1930"]
[BlackElo "2048"]
[PlyCount "97"]
[EventDate "2022.05.15"]
[EventType "swiss"]
[EventRounds "8"]
[EventCountry "CAT"]
[SourceTitle "EXT 2023"]
[Source "ChessBase"]
[SourceDate "2022.10.05"]
[SourceVersion "1"]
[SourceVersionDate "2022.10.05"]
[SourceQuality "1"]

1. e4 c5 2. Nf3 e6 3. d4 cxd4 4. Nxd4 Nc6 5. Nxc6 bxc6 6. Bd3 Nf6 7. 0-0 d5 8. Qe2 Be7 9. Nd2 0-0 10. c4 Qc7 11. e5 Nd7 12. f4 Nc5 13. Bc2 a5 14. Rf3 g6 15. b3 f5 16. Bb2 Ba6 17. h3 Rad8 18. g4 Ne4 19. Nxe4 dxe4 20. Rg3 Kh8 21. Kh2 Bb4 22. Bc3 Bxc3 23. Rxc3 Rd4 24. Rg3 Rfd8 25. Rd1 a4 26. gxf5 gxf5 27. Rxd4 Rxd4 28. Rg2 Qd8 29. Qf2 a3 30. h4 Rd7 31. h5 Rg7 32. Rxg7 Kxg7 33. Qg3+ Kf7 34. Qf2 c5 35. Kh1 Bb7 36. Kh2 e3 37. Qxe3 Qh4+ 38. Kg1 Qh1+ 39. Kf2 Qg2+ 40. Ke1 Qxc2 41. Qxc5 Qe4+ 42. Kd1 Qb1+ 43. Kd2 Qxa2+ 44. Kc3 Qg2 45. Qc7+ Ke8 46. Qb8+ Kd7 47. Qd6+ Kc8 48. Qf8+ Kd7 49. Qd6+ 1/2-1/2

[Event "Wch Seniors 65 29th"]
[Site "Bucharest"]
[Date "2019.11.14"]
[Round "3"]
[White "Bohlin, Jan"]
[Black "Fernandez Vicente, Carmelo"]
[Result "0-1"]
[WhiteElo "1799"]
[BlackElo "2087"]
[PlyCount "62"]
[EventDate "2019.11.12"]
[EventType "swiss"]
[EventRounds "11"]
[EventCountry "ROU"]
[SourceTitle "CBM 193 Extra"]
[Source "ChessBase"]
[SourceDate "2020.01.31"]
[SourceVersion "1"]
[SourceVersionDate "2020.01.31"]
[SourceQuality "1"]

1. d4 d5 2. c4 e6 3. Nc3 c5 4. cxd5 exd5 5. Nf3 Nc6 6. g3 Nf6 7. Bg2 Be7 8. 0-0 0-0 9. Bg5 c4 10. Ne5 Be6 11. h3 h6 12. Bf4 Qb6 13. Nxc6 Qxc6 14. b3 b5 15. bxc4 bxc4 16. Qc2 Rad8 17. Rfd1 Qd7 18. Kh2 Rfe8 19. e4 Nxe4 20. Nxe4 dxe4 21. Qxe4 Bf6 22. Qb1 Bf5 23. Qc1 Bd3 24. Rxd3 cxd3 25. Bc6 Qxd4 26. Bxe8 Qxf2+ 27. Kh1 Bxa1 28. Bxf7+ Kh8 29. Bg6 d2 30. Bxd2 Qxd2 31. Qxa1 Rc8 0-1

[Event "Catalunya-ch Seniors"]
[Site "Santa Susanna"]
[Date "2019.05.21"]
[Round "4"]
[White "Fernandez Vicente, Carmelo"]
[Black "Mas Recorda, Pere"]
[Result "1/2-1/2"]
[WhiteElo "2114"]
[BlackElo "1979"]
[PlyCount "90"]
[EventDate "2019.05.18"]
[EventType "swiss"]
[EventRounds "9"]
[EventCountry "ESP"]
[SourceTitle "CBM 190 Extra"]
[Source "ChessBase"]
[SourceDate "2019.07.15"]
[SourceVersion "1"]
[SourceVersionDate "2019.07.15"]
[SourceQuality "1"]

1. c4 e6 2. g3 d5 3. Nf3 c6 4. Bg2 Bd6 5. cxd5 exd5 6. d3 Nf6 7. Nbd2 0-0 8. 0-0 Re8 9. a3 Nbd7 10. Nb3 Nf8 11. Be3 Qe7 12. Re1 Bg4 13. Rc1 N8d7 14. Qd2 Bxf3 15. Bxf3 Ne5 16. Bg2 Neg4 17. Bf4 Bxf4 18. Qxf4 Ne5 19. Nd4 Ng6 20. Qd2 Qd7 21. b4 a6 22. e3 Ne7 23. Nb3 Nc8 24. Nc5 Qc7 25. e4 Nb6 26. f4 dxe4 27. dxe4 Rad8 28. Qc2 Nfd7 29. Nd3 Nf8 30. a4 Nxa4 31. Ne5 Nb6 32. Qb3 Qe7 33. Rc2 Qe6 34. Qe3 Nc8 35. Nf3 Qe7 36. Qc3 Nd6 37. e5 Nb5 38. Qb2 Qe6 39. Ng5 Qd7 40. Rf2 h6 41. Ne4 Qd4 42. Qb3 Qb6 43. Nc5 Ne6 44. Qe3 Nxc5 45. bxc5 Qa5 1/2-1/2

[Event "Catalunya-ch Seniors 34th"]
[Site "Lloret del Mar"]
[Date "2018.05.25"]
[Round "7"]
[White "Ayllon Rodriguez, Joan Pedro"]
[Black "Fernandez Vicente, Carmelo"]
[Result "1/2-1/2"]
[WhiteElo "2173"]
[BlackElo "2099"]
[PlyCount "101"]
[EventDate "2018.05.19"]
[EventType "swiss"]
[EventRounds "9"]
[EventCountry "ESP"]
[SourceTitle "CBM 184 Extra"]
[Source "ChessBase"]
[SourceDate "2018.06.28"]
[SourceVersion "1"]
[SourceVersionDate "2018.06.28"]
[SourceQuality "1"]

1. e4 c5 2. Nf3 e6 3. d4 cxd4 4. Nxd4 Nc6 5. Nb3 Nf6 6. Nc3 Bb4 7. Bd3 d5 8. exd5 Nxd5 9. Bd2 Nxc3 10. bxc3 Be7 11. 0-0 0-0 12. Be3 e5 13. f4 f5 14. fxe5 Nxe5 15. Nd4 Ng4 16. Bc1 Bc5 17. Be2 Ne5 18. Kh1 Bd7 19. Nf3 Nxf3 20. Qd5+ Kh8 21. Bxf3 Bb5 22. c4 Qxd5 23. Bxd5 Bc6 24. Bf4 h6 25. Rad1 Rae8 26. Bxc6 bxc6 27. Bd6 Bxd6 28. Rxd6 Rd8 29. Rxf5 Rxf5 30. Rxd8+ Kh7 31. Kg1 Rf4 32. Rd3 Rxc4 33. c3 Ra4 34. Rd2 Rc4 35. Rc2 Kg6 36. Kf2 Kf5 37. Ke3 Ke5 38. Kd3 Rh4 39. g3 Ra4 40. h3 c5 41. Rb2 c4+ 42. Ke3 Ra5 43. Rb4 Rc5 44. Rb7 Rd5 45. Re7+ Kf6 46. Rxa7 Rd3+ 47. Kf4 Rxc3 48. Ra6+ Kf7 49. h4 Rc1 50. Ra4 Kf6 51. Ra6+ 1/2-1/2

[Event "Torredembarra op 19th"]
[Site "Torredembarra"]
[Date "2017.07.04"]
[Round "4"]
[White "Mateos Rozas, Miguel Angel"]
[Black "Fernandez Vicente, Carmelo"]
[Result "1-0"]
[WhiteElo "2153"]
[BlackElo "2046"]
[PlyCount "119"]
[EventDate "2017.07.01"]
[EventType "swiss"]
[EventRounds "9"]
[EventCountry "ESP"]
[SourceTitle "CBM 179 Extra"]
[Source "ChessBase"]
[SourceDate "2017.08.23"]
[SourceVersion "1"]
[SourceVersionDate "2017.08.23"]
[SourceQuality "1"]

1. e4 c5 2. Nf3 e6 3. Qe2 Nc6 4. g3 d6 5. Bg2 Nf6 6. 0-0 g6 7. Re1 Bg7 8. d3 0-0 9. Nbd2 e5 10. c3 Rb8 11. Nf1 b5 12. h4 a5 13. N3h2 Be6 14. Be3 Qc8 15. Qd2 b4 16. c4 a4 17. Bh6 Nd4 18. Rac1 b3 19. a3 Ng4 20. Bxg7 Kxg7 21. f4 f6 22. Ne3 Nxe3 23. Rxe3 Bg4 24. Ree1 Nc2 25. Rf1 Bh3 26. Rf2 Bxg2 27. Kxg2 Nd4 28. Rcf1 Qd7 29. f5 gxf5 30. exf5 Kh8 31. Ng4 Qg7 32. Nh6 Qb7+ 33. Kh3 d5 34. Ng4 dxc4 35. dxc4 Rbd8 36. Qh6 Qg7 37. Qxg7+ Kxg7 38. Ne3 Kf7 39. Nd5 Rxd5 40. cxd5 Ke7 41. Rc1 Kd6 42. Rc4 Ra8 43. g4 h6 44. g5 hxg5 45. hxg5 Kxd5 46. Rc3 Rh8+ 47. Kg4 c4 48. gxf6 Nb5 49. Rd2+ Nd4 50. Kg5 e4 51. Kg6 Rc8 52. f7 Kc5 53. Re3 Rc6+ 54. Kg5 Rc8 55. Kf6 Nb5 56. Rxe4 c3 57. bxc3 Nd6 58. Re5+ Kc6 59. Re6 b2 60. Rdxd6+ 1-0

[Event "Torredembarra op 19th"]
[Site "Torredembarra"]
[Date "2017.07.03"]
[Round "3"]
[White "Fernandez Vicente, Carmelo"]
[Black "Castillo Dalmau, Albert"]
[Result "1/2-1/2"]
[WhiteElo "2046"]
[BlackElo "2258"]
[PlyCount "101"]
[EventDate "2017.07.01"]
[EventType "swiss"]
[EventRounds "9"]
[EventCountry "ESP"]
[SourceTitle "CBM 179 Extra"]
[Source "ChessBase"]
[SourceDate "2017.08.23"]
[SourceVersion "1"]
[SourceVersionDate "2017.08.23"]
[SourceQuality "1"]

1. c4 c5 2. g3 Nc6 3. Bg2 g6 4. e3 Bg7 5. Ne2 e5 6. Nbc3 Nge7 7. 0-0 0-0 8. b3 d6 9. Bb2 Be6 10. Ne4 h6 11. f4 f5 12. Nf2 Qd7 13. d4 e4 14. Rb1 d5 15. dxc5 Rfd8 16. Bxg7 Kxg7 17. Qc1 d4 18. exd4 Nxd4 19. Qb2 Kf7 20. Nxd4 Qxd4 21. Qxd4 Rxd4 22. Rfd1 Rxd1+ 23. Rxd1 Rc8 24. Rc1 Rxc5 25. Bf1 Nc6 26. Nd1 g5 27. Ne3 Nd4 28. Rd1 Nf3+ 29. Kg2 gxf4 30. gxf4 Rc8 31. Be2 Rg8+ 32. Kf2 Nh4 33. Rg1 Rxg1 34. Kxg1 Kf6 35. Kf2 Ng6 36. Ng2 Ke7 37. Ke3 Kd6 38. Kd4 b6 39. b4 Bd7 40. a3 Ne7 41. c5+ bxc5+ 42. bxc5+ Ke6 43. Bc4+ Kf6 44. Be2 Bc6 45. Bc4 Ba4 46. Bd5 Bb5 47. Bb7 Ke6 48. Ne3 Bc6 49. Ba6 Kf6 50. Bc4 Ng6 51. Bd5 1/2-1/2